000 00541nmm a2200181Ia 4500
008 251105s9999||||xx |||||||||||||||||und||
020 _a9789875917170
041 _aspa
100 _aFurnes, Raquel A.
245 0 _aNutrición infantil en lactantes, niños y adolescentes
264 _a[Buenos Aires, Argentina] :
_bEditorial Brujas,
_c2016
300 _a232 páginas
650 _aMedicine
700 _aFurnes, Raquel A.
700 1 _a Láquis, Mariana B.
856 _uhttps://public.digitaliapublishing.com/a/41895
942 _cCF
999 _c65706
_d65706